00389nam a2200157Ia 4500008004100000020000700041082001200048100001900060245002300079250000700102260003900109300003000148500000700178600003300185650001300218240925s9999 xx 000 0 und d aNA a297 ASA aAsad, Muhammad 4aThe Road to Makkah aNA aGibraltar:bDar Al Andalusc,1980. axii,734p.bN.AfPhotocopy aNA aHumanities & Natural Science aReligion